000 00537ngm a2200205 i 4500
001 bg
245 0 0 _aLaminated Object Manufacturing for Direct Investment Casting.
246 1 _aLOM for Direct Investment Casting (PAL)
260 _aTorrance :
_bHELISYS.
300 _a1 kas. wiz.
650 9 _aTechnologia
650 9 _aLaminaty
_xtechnologia
655 _aDokumenty audiowizualne
710 0 _aHelisys
040 _cBPK
041 0 _aeng
080 _a621.7:678
942 _cTW
008 s pl f |000 0 pol
999 _c35290
_d35290
856 _uhttp://koha.tu.koszalin.pl/cgi-bin/koha/opac-detail.pl?biblionumber=35290
_yKatalog online BPK